BIBLIOTECA PODER JUDICIAL
Portal Judicial TDF

¿Existe responsabilidad ante el anormal funcionamiento de la justicia (responsabilidad in procedendo)? / (Registro nro. 5394)

000 -LEADER
fixed length control field 01728nab a22002657a 4500
003 - CONTROL NUMBER IDENTIFIER
control field OSt
005 - DATE AND TIME OF LATEST TRANSACTION
control field 20250310135145.0
008 - FIXED-LENGTH DATA ELEMENTS--GENERAL INFORMATION
fixed length control field 190604e xxu||||| |||| 00| 0 spa d
040 ## - CATALOGING SOURCE
Transcribing agency PJ
100 ## - MAIN ENTRY--PERSONAL NAME
9 (RLIN) 6280
Personal name Palma, Mariano
245 10 - TITLE STATEMENT
Title ¿Existe responsabilidad ante el anormal funcionamiento de la justicia (responsabilidad in procedendo)? /
Statement of responsibility, etc Mariano Palma.
260 ## - PUBLICATION, DISTRIBUTION, ETC. (IMPRINT)
Place of publication, distribution, etc Ciudad Autónoma de Buenos Aires :
Name of publisher, distributor, etc Thomson Reuters La Ley,
Date of publication, distribution, etc 2024.
300 ## - PHYSICAL DESCRIPTION
Extent p. 9-15
500 ## - GENERAL NOTE
General note Cita Online: TR LALEY AR/DOC/1904/2024.
505 ## - FORMATTED CONTENTS NOTE
Formatted contents note Sumario: I. Introducción.— II. El anormal funcionamiento de la justicia (responsabilidad in procedendo).— III. ¿Por qué el Estado no habría de responder cuando genera un daño a través del Poder Judicial por actividad lícita?— IV. ¿En qué situación se encuentran los tribunales arbitrales y los amigables componedores?— V. ¿Qué responsabilidad tiene el Poder Judicial por la caída del sistema de presentaciones digitales en plena era digital?— VI. ¿Qué responsabilidad le corresponde al Poder Judicial (Estado) por el dictado de acordadas?— VII. ¿Qué responsabilidad le corresponde al Ministerio Público?— VIII. Conclusiones.
505 ## - FORMATTED CONTENTS NOTE
Title ¿Te interesa el texto completo? Solicitalo al correo: koha@justierradelfuego.gov.ar<br/>
650 #0 - SUBJECT ADDED ENTRY--TOPICAL TERM
9 (RLIN) 1215
Topical term or geographic name as entry element RESPONSABILIDAD DEL ESTADO
650 #0 - SUBJECT ADDED ENTRY--TOPICAL TERM
9 (RLIN) 1467
Topical term or geographic name as entry element RESPONSABILIDAD CIVIL
650 #0 - SUBJECT ADDED ENTRY--TOPICAL TERM
9 (RLIN) 217
Topical term or geographic name as entry element PODER JUDICIAL
650 #0 - SUBJECT ADDED ENTRY--TOPICAL TERM
9 (RLIN) 2823
Topical term or geographic name as entry element DAÑOS Y PERJUICIOS
650 #0 - SUBJECT ADDED ENTRY--TOPICAL TERM
9 (RLIN) 2597
Topical term or geographic name as entry element DEFENSA DEL CONSUMIDOR
650 #0 - SUBJECT ADDED ENTRY--TOPICAL TERM
9 (RLIN) 3121
Topical term or geographic name as entry element MINISTERIO PÚBLICO
773 0# - HOST ITEM ENTRY
Host Biblionumber 2714
Host Itemnumber 3171
Place, publisher, and date of publication Ciudad Autónoma de Buenos Aires : Thomson Reuters La Ley, 2014-
Title Revista anales de legislación argentina. Nº 10 - Octubre 2024.
942 ## - ADDED ENTRY ELEMENTS (KOHA)
Source of classification or shelving scheme
Koha item type Analítica Artículo de Revista

No hay ítems disponibles.

12 de Octubre 789 Ushuaia - Tel:  54(02901)441571
Horario de Atención: 8.00 a 17.00 hs. 
bibliotecaush@justierradelfuego.gov.ar
koha@justierradelfuego.gov.ar
Seguinos en nuestras redes @bibliojustdf 

Con tecnología Koha